The Quran / (Record no. 174771)

MARC details
000 -LEADER
fixed length control field 00694nam a22002057a 4500
005 - DATE AND TIME OF LATEST TRANSACTION
control field 20200810110921.0
010 ## - LCCN (DPL NO)
LC control number B-732614
020 ## - INTERNATIONAL STANDARD BOOK NUMBER
International Standard Book Number 9789351790228
Terms of availability 200.00
035 ## - SYSTEM CONTROL NUMBER
System control number B-732614
037 ## - SOURCE OF ACQUISITION
Source of stock number/acquisition DBAD/PUB
Stock number dpl
082 ## - DEWEY DECIMAL CLASSIFICATION NUMBER
Classification number 270
245 ## - TITLE STATEMENT
Title The Quran /
Statement of responsibility, etc translated by Maulana Wahiduddin Khan [and] Farida Khanam
260 ## - PUBLICATION, DISTRIBUTION, ETC. (IMPRINT)
Place of publication, distribution, etc New Delhi
Name of publisher, distributor, etc Goodword Books
Date of publication, distribution, etc 2014
270 ## - ADDRESS
Address 1, Nizamuddin West Market
City New Delhi
Postal code 110013
300 ## - PHYSICAL DESCRIPTION
Extent 502p.
Dimensions 19cm(Hb)
700 ## - ADDED ENTRY--PERSONAL NAME
Personal name Wahiduddin Khan
700 ## - ADDED ENTRY--PERSONAL NAME
Personal name Farida Khanam
942 ## - ADDED ENTRY ELEMENTS (KOHA)
Source of classification or shelving scheme Dewey Decimal Classification
Item type English Books
Classification part 270
Call number suffix QUR
Holdings
Withdrawn status Lost status Not for loan Collection code Home library Current library Date acquired Source of acquisition Cost, normal purchase price Full call number Barcode Copy number Cost, replacement price Koha item type
      Non-fiction Central Library Central Library 06/07/2020 Gift/Eng/27.02.2020 200.00 270 WAH B-732614 1 200.00 English Books

© Delhi Public Library
Hit Counter
free hit counter